[Event "IRL-ch"]
[Site "Dublin"]
[Date "2019.08.07"]
[Round "5"]
[White "Butler, Kevin J"]
[Black "Fox, Anthony"]
[Result "1/2-1/2"]
[WhiteElo "2048"]
[BlackElo "2020"]
[PlyCount "36"]
[EventDate "2019.08.03"]
[EventType "swiss"]
[EventRounds "9"]
[EventCountry "IRL"]
[SourceTitle "CBM 191 Extra"]
[Source "ChessBase"]
[SourceDate "2019.09.30"]
[SourceVersion "1"]
[SourceVersionDate "2019.09.30"]
[SourceQuality "1"]

1. e4 e5 2. f4 Bc5 3. Nf3 d6 4. c3 Bb6 5. d4 exd4 6. cxd4 Bg4 7. Nc3 Bxf3 8. gxf3 Qh4+ 9. Ke2 Nc6 10. Be3 Nf6 11. Qd2 Nh5 12. d5 Bxe3 13. Qxe3 Nxf4+ 14. Kd2 Ne5 15. Nb5 0-0 16. Nd4 g6 17. Rc1 Rac8 18. Rc2 c6 1/2-1/2